Right View: (Record no. 201268)
[ view plain ]
| 000 -LEADER | |
|---|---|
| fixed length control field | 00567nam a2200169 4500 |
| 010 ## - LCCN (DPL NO) | |
| LC control number | ENG-139576 |
| 020 ## - INTERNATIONAL STANDARD BOOK NUMBER | |
| International Standard Book Number | 9786245504442 |
| Terms of availability | 820.00 |
| 035 ## - SYSTEM CONTROL NUMBER | |
| System control number | EN-123108 |
| 037 ## - SOURCE OF ACQUISITION | |
| Source of stock number/acquisition | DBAD/PUB |
| 082 ## - DEWEY DECIMAL CLASSIFICATION NUMBER | |
| Classification number | 250.385 |
| 100 ## - MAIN ENTRY--PERSONAL NAME | |
| Personal name | Mapatuna, Palitha |
| 245 ## - TITLE STATEMENT | |
| Title | Right View: |
| Remainder of title | based on the discourse on right view of the Majjhima Nikaya / |
| Statement of responsibility, etc | by Palitha Mapatuna |
| 260 ## - PUBLICATION, DISTRIBUTION, ETC. (IMPRINT) | |
| Place of publication, distribution, etc | Sri Lanka |
| Name of publisher, distributor, etc | Buddhist Cultural Centre |
| Date of publication, distribution, etc | 2023 |
| 270 ## - ADDRESS | |
| Address | 125, Anderson Road, Nedimala, Dehiwala, |
| City | Sri Lanka |
| 300 ## - PHYSICAL DESCRIPTION | |
| Extent | 142p. |
| Dimensions | 20cm(Pbk) |
| 942 ## - ADDED ENTRY ELEMENTS (KOHA) | |
| Source of classification or shelving scheme | Dewey Decimal Classification |
| Item type | English Books |
| Classification part | 250.385 |
| Call number suffix | MAP |
| Withdrawn status | Lost status | Not for loan | Collection code | Home library | Current library | Date acquired | Source of acquisition | Cost, normal purchase price | Full call number | Barcode | Copy number | Cost, replacement price | Koha item type |
|---|---|---|---|---|---|---|---|---|---|---|---|---|---|
| Non-fiction | Ashok Vihar | Ashok Vihar | 07/03/2024 | DBAD | 820.00 | 250.385 MAP | EN-123108 | 1 | 820.00 | English Books |
